[Event "DEM U16 2023"]
[Site "Willingen GER"]
[Date "2023.05.29"]
[Round "3"]
[White "Fuhrmann, Bahne"]
[Black "Petrovskiy, Vadim"]
[Result "0-1"]
[Termination "normal"]
[Board "4"]
[BlackTitle "IM"]
[WhiteElo "2066"]
[BlackElo "2417"]
[WhiteClock "00:03:00"]
[BlackClock "00:01:45"]
[PlyCount "126"]
[WhiteFideId "16244842"]
[BlackFideId "14165210"]
[EventCountry "GER"]
[EventRounds "9"]
[EventType "swiss"]
[EventDate "2023.05.27"]

1. e4 {[%clk 01:30:58]} {[%emt 00:00:02]} c5 {[%clk 01:30:49]} {[%emt
00:00:17]} 2. Nf3 {[%clk 01:31:24]} {[%emt 00:00:07]} d6 {[%clk 01:31:09]}
{[%emt 00:00:16]} 3. d4 {[%clk 01:31:50]} {[%emt 00:00:05]} cxd4 {[%clk
01:31:36]} {[%emt 00:00:06]} 4. Nxd4 {[%clk 01:32:16]} {[%emt 00:00:05]} Nf6
{[%clk 01:32:01]} {[%emt 00:00:06]} 5. Nc3 {[%clk 01:32:43]} {[%emt 00:00:05]}
a6 {[%clk 01:32:24]} {[%emt 00:00:07]} 6. Bg5 {[%clk 01:33:10]} {[%emt
00:00:03]} Nbd7 {[%clk 01:30:34]} {[%emt 00:01:57]} 7. Qf3 {[%clk 01:27:49]}
{[%emt 00:05:51]} h6 {[%clk 01:16:33]} {[%emt 00:14:31]} 8. Bd2 {[%clk
01:27:52]} {[%emt 00:00:28]} e6 {[%clk 01:15:30]} {[%emt 00:01:33]} 9. Be2
{[%clk 01:26:13]} {[%emt 00:02:09]} Qc7 {[%clk 01:12:50]} {[%emt 00:03:09]} 10.
a4 {[%clk 01:24:49]} {[%emt 00:01:55]} b6 {[%clk 01:11:30]} {[%emt 00:01:50]}
11. Qg3 {[%clk 01:24:32]} {[%emt 00:00:47]} Bb7 {[%clk 01:11:14]} {[%emt
00:00:46]} 12. f3 {[%clk 01:24:55]} {[%emt 00:00:07]} g6 {[%clk 00:55:46]}
{[%emt 00:15:57]} 13. Be3 {[%clk 01:21:02]} {[%emt 00:04:24]} e5 {[%clk
00:53:52]} {[%emt 00:02:23]} 14. Nb3 {[%clk 01:20:54]} {[%emt 00:00:39]} d5
{[%clk 00:52:28]} {[%emt 00:01:54]} 15. exd5 {[%clk 01:20:26]} {[%emt
00:00:57]} Nxd5 {[%clk 00:51:34]} {[%emt 00:01:25]} 16. Nxd5 {[%clk 01:06:28]}
{[%emt 00:14:28]} Bxd5 {[%clk 00:51:29]} {[%emt 00:00:35]} 17. c4 {[%clk
01:06:51]} {[%emt 00:00:07]} Bb4+ {[%clk 00:47:47]} {[%emt 00:04:11]} 18. Kf2
{[%clk 01:06:10]} {[%emt 00:01:11]} Be6 {[%clk 00:46:48]} {[%emt 00:01:28]} 19.
Nd4 {[%clk 01:01:43]} {[%emt 00:04:58]} Qd6 {[%clk 00:37:28]} {[%emt 00:09:51]}
20. Nc2 {[%clk 00:50:51]} {[%emt 00:11:22]} Bc5 {[%clk 00:37:39]} {[%emt
00:00:19]} 21. Rhd1 {[%clk 00:50:54]} {[%emt 00:00:27]} Bxe3+ {[%clk 00:38:00]}
{[%emt 00:00:08]} 22. Nxe3 {[%clk 00:51:12]} {[%emt 00:00:12]} Qc5 {[%clk
00:37:49]} {[%emt 00:00:40]} 23. f4 {[%clk 00:45:57]} {[%emt 00:05:46]} exf4
{[%clk 00:28:22]} {[%emt 00:09:57]} 24. Qxf4 {[%clk 00:46:19]} {[%emt
00:00:07]} g5 {[%clk 00:28:49]} {[%emt 00:00:04]} 25. Qd4 {[%clk 00:44:04]}
{[%emt 00:02:45]} Qxd4 {[%clk 00:24:25]} {[%emt 00:04:54]} 26. Rxd4 {[%clk
00:43:24]} {[%emt 00:01:10]} Nc5 {[%clk 00:24:53]} {[%emt 00:00:02]} 27. Rad1
{[%clk 00:40:21]} {[%emt 00:03:33]} Ke7 {[%clk 00:23:36]} {[%emt 00:01:47]} 28.
Nd5+ {[%clk 00:34:49]} {[%emt 00:06:02]} Bxd5 {[%clk 00:23:53]} {[%emt
00:00:13]} 29. Rxd5 {[%clk 00:35:03]} {[%emt 00:00:17]} a5 {[%clk 00:23:32]}
{[%emt 00:00:50]} 30. Bh5 {[%clk 00:32:45]} {[%emt 00:02:48]} Rhd8 {[%clk
00:18:28]} {[%emt 00:05:33]} 31. b3 {[%clk 00:26:29]} {[%emt 00:06:46]} Rxd5
{[%clk 00:15:07]} {[%emt 00:03:51]} 32. Rxd5 {[%clk 00:26:08]} {[%emt
00:00:51]} Ne4+ {[%clk 00:14:34]} {[%emt 00:01:03]} 33. Ke3 {[%clk 00:25:43]}
{[%emt 00:00:55]} Nf6 {[%clk 00:15:02]} {[%emt 00:00:02]} 34. Re5+ {[%clk
00:25:36]} {[%emt 00:00:38]} Kd6 {[%clk 00:15:31]} 35. Rb5 {[%clk 00:22:11]}
{[%emt 00:03:54]} Nxh5 {[%clk 00:15:49]} {[%emt 00:00:11]} 36. Rxb6+ {[%clk
00:22:35]} {[%emt 00:00:07]} Ke7 {[%clk 00:15:56]} {[%emt 00:00:21]} 37. Rxh6
{[%clk 00:22:37]} {[%emt 00:00:29]} Nf6 {[%clk 00:16:10]} {[%emt 00:00:16]} 38.
Kd4 {[%clk 00:22:49]} {[%emt 00:00:18]} g4 {[%clk 00:13:07]} {[%emt 00:03:33]}
39. Ke5 {[%clk 00:20:45]} {[%emt 00:02:35]} Ra6 {[%clk 00:12:19]} {[%emt
00:01:17]} 40. Rh8 {[%clk 00:18:37]} {[%emt 00:02:39]} Rb6 {[%clk 00:12:37]}
{[%emt 00:00:11]} 41. Ra8 {[%clk 00:17:29]} {[%emt 00:01:38]} Rxb3 {[%clk
00:11:11]} {[%emt 00:01:56]} 42. Rxa5 {[%clk 00:16:16]} {[%emt 00:01:43]} Rb2
{[%clk 00:11:27]} {[%emt 00:00:14]} 43. c5 {[%clk 00:15:26]} {[%emt 00:01:20]}
Rxg2 {[%clk 00:08:53]} {[%emt 00:03:04]} 44. c6 {[%clk 00:15:03]} {[%emt
00:00:53]} Ne8 {[%clk 00:08:02]} {[%emt 00:01:20]} 45. Ra7+ {[%clk 00:05:20]}
{[%emt 00:10:13]} Kf8 {[%clk 00:08:12]} {[%emt 00:00:20]} 46. Ra8 {[%clk
00:05:45]} {[%emt 00:00:05]} Rc2 {[%clk 00:08:21]} {[%emt 00:00:21]} 47. Kf4
{[%clk 00:05:54]} {[%emt 00:00:21]} Rc4+ {[%clk 00:07:31]} {[%emt 00:01:20]}
48. Kf5 {[%clk 00:05:56]} {[%emt 00:00:30]} Rxc6 {[%clk 00:05:23]} {[%emt
00:02:38]} 49. Kxg4 {[%clk 00:06:18]} {[%emt 00:00:08]} Ke7 {[%clk 00:05:52]}
{[%emt 00:00:01]} 50. h4 {[%clk 00:04:06]} {[%emt 00:02:42]} Nf6+ {[%clk
00:06:10]} {[%emt 00:00:12]} 51. Kg3 {[%clk 00:03:59]} {[%emt 00:00:37]} Rc3+
{[%clk 00:06:22]} {[%emt 00:00:17]} 52. Kf4 {[%clk 00:04:16]} {[%emt 00:00:13]}
Rc4+ {[%clk 00:06:22]} {[%emt 00:00:29]} 53. Kg3 {[%clk 00:04:38]} {[%emt
00:00:08]} Nh5+ {[%clk 00:06:19]} {[%emt 00:00:33]} 54. Kh3 {[%clk 00:04:49]}
{[%emt 00:00:19]} Kf6 {[%clk 00:04:27]} {[%emt 00:02:21]} 55. Ra6+ {[%clk
00:03:55]} {[%emt 00:01:26]} Kg7 {[%clk 00:04:47]} {[%emt 00:00:09]} 56. Ra5
{[%clk 00:04:22]} {[%emt 00:00:04]} Nf4+ {[%clk 00:04:54]} {[%emt 00:00:23]}
57. Kg4 {[%clk 00:04:43]} {[%emt 00:00:09]} Ne6+ {[%clk 00:05:19]} {[%emt
00:00:05]} 58. Kg3 {[%clk 00:05:01]} {[%emt 00:00:13]} Nc5 {[%clk 00:05:42]}
{[%emt 00:00:07]} 59. h5 {[%clk 00:04:49]} {[%emt 00:00:42]} Kh6 {[%clk
00:02:56]} {[%emt 00:03:15]} 60. Ra7 {[%clk 00:04:22]} {[%emt 00:00:58]} f6
{[%clk 00:03:16]} {[%emt 00:00:10]} 61. Kf3 {[%clk 00:03:15]} {[%emt 00:01:37]}
Rxa4 {[%clk 00:00:59]} {[%emt 00:02:47]} 62. Rf7 {[%clk 00:02:59]} {[%emt
00:00:45]} Ne4 {[%clk 00:01:21]} {[%emt 00:00:08]} 63. Re7 {[%clk 00:03:00]}
{[%emt 00:00:30]} Ng5+ {[%clk 00:01:45]} {[%emt 00:00:06]} 0-1

[Event "DEM U16 2023"]
[Site "Willingen GER"]
[Date "2023.05.29"]
[Round "3"]
[White "Foerster-Yialamas, Lucas"]
[Black "Reichmann, Felix"]
[Result "1-0"]
[Termination "normal"]
[Board "5"]
[WhiteTitle "CM"]
[WhiteElo "2151"]
[BlackElo "1976"]
[WhiteClock "00:58:16"]
[BlackClock "00:13:19"]
[PlyCount "145"]
[WhiteFideId "30901774"]
[BlackFideId "16238290"]
[EventCountry "GER"]
[EventRounds "9"]
[EventType "swiss"]
[EventDate "2023.05.27"]

1. e4 c5 {[%emt 0:00:18]} 2. Nf3 {[%emt 0:00:16]} Nc6 {[%emt 0:00:08]} 3. d4
{[%emt 0:00:11]} cxd4 {[%emt 0:00:07]} 4. Nxd4 {[%emt 0:00:09]} d6 {[%emt
0:03:17]} 5. Nc3 {[%emt 0:05:04]} g6 {[%emt 0:00:37]} 6. Be3 {[%emt 0:00:47]}
Bg7 {[%emt 0:00:27]} 7. Qd2 {[%emt 0:00:39]} Nf6 {[%emt 0:03:06]} 8. f3 {[%emt
0:00:07]} O-O {[%emt 0:03:58]} 9. O-O-O {[%emt 0:00:02]} d5 {[%emt 0:12:57]}
10. exd5 {[%emt 0:00:02]} Nxd5 {[%emt 0:00:06]} 11. Nxc6 {[%emt 0:00:07]} bxc6
{[%emt 0:00:02]} 12. Bd4 {[%emt 0:00:01]} e5 {[%emt 0:22:11]} 13. Bc5 Re8
{[%emt 0:00:05]} 14. Ne4 {[%emt 0:06:27]} Be6 {[%emt 0:05:39]} 15. g4 {[%emt
0:01:00]} Qh4 {[%emt 0:04:29]} 16. Bf2 {[%emt 0:01:37]} Qe7 {[%emt 0:07:25]}
17. h4 {[%emt 0:09:35]} Qb4 {[%emt 0:07:08]} 18. Qxb4 {[%emt 0:01:01]} Nxb4
{[%emt 0:00:02]} 19. a3 {[%emt 0:00:17]} Nd5 {[%emt 0:00:14]} 20. Ba6 {[%emt
0:00:15]} Re7 {[%emt 0:02:30]} 21. h5 {[%emt 0:09:01]} Rb8 {[%emt 0:13:07]} 22.
h6 {[%emt 0:02:33]} Bf8 {[%emt 0:00:32]} 23. Bc5 {[%emt 0:04:37]} Rc7 {[%emt
0:00:10]} 24. c4 Bxc5 25. Nxc5 Nf4 26. Rhe1 f6 27. b4 Kf7 28. Re4 g5 29. Rd6
Ke7 30. Rd2 Kf7 31. Re1 Ke7 32. Kc2 Rd8 33. Rxd8 Kxd8 34. Kc3 Ke7 35. a4 Bf7
36. a5 Bg6 37. Bb7 Bf7 38. a6 Bg6 39. Kd2 Be8 40. Rb1 Bg6 41. Ne4 Rd7+ 42. Ke3
Rd3+ 43. Kf2 Nh3+ 44. Ke2 Nf4+ 45. Kf2 Nh3+ 46. Kg2 Nf4+ 47. Kg1 Bxe4 48. fxe4
Ne2+ 49. Kf1 Nd4 50. b5 cxb5 51. cxb5 Ra3 52. Bd5 Nc2 53. b6 axb6 54. Rxb6 Ne3+
55. Ke2 Nxd5 56. exd5 e4 57. Rb7+ Kd6 58. a7 Kxd5 59. Rxh7 Ra2+ 60. Ke3 Ra3+
61. Kd2 e3+ 62. Ke2 Ke4 63. Re7+ Kf4 64. h7 Ra2+ 65. Kd3 Rd2+ 66. Kc4 Rd8 67.
Kb5 Kf3 68. Kb6 e2 69. Kb7 Rh8 70. a8=Q Rxh7 71. Kb6+ Kf2 72. Rxe2+ Kxe2 73.
Qe4+ 1-0

[Event "DEM U16 2023"]
[Site "Willingen GER"]
[Date "2023.05.29"]
[Round "3"]
[White "Müller, Maximilian"]
[Black "Ohler, Julius"]
[Result "0-1"]
[Termination "normal"]
[Board "6"]
[WhiteElo "1908"]
[BlackElo "2220"]
[WhiteClock "00:36:44"]
[BlackClock "00:29:57"]
[PlyCount "70"]
[WhiteFideId "16243552"]
[BlackFideId "16238982"]
[EventCountry "GER"]
[EventRounds "9"]
[EventType "swiss"]
[EventDate "2023.05.27"]

1. e4 c6 {[%emt 0:00:09]} 2. d4 {[%emt 0:00:04]} d5 {[%emt 0:00:05]} 3. f3
{[%emt 0:00:05]} dxe4 {[%emt 0:00:08]} 4. fxe4 {[%emt 0:00:17]} e5 {[%emt
0:00:07]} 5. Nf3 {[%emt 0:01:39]} Bg4 {[%emt 0:00:05]} 6. Bc4 {[%emt 0:00:12]}
Nd7 {[%emt 0:00:53]} 7. h3 {[%emt 0:00:30]} Bxf3 {[%emt 0:12:28]} 8. Qxf3
{[%emt 0:00:01]} Qf6 {[%emt 0:06:18]} 9. O-O {[%emt 0:00:08]} Qxf3 {[%emt
0:00:07]} 10. Rxf3 {[%emt 0:00:02]} Ngf6 {[%emt 0:00:11]} 11. c3 {[%emt
0:01:06]} Bd6 {[%emt 0:02:08]} 12. Bg5 {[%emt 0:11:32]} O-O {[%emt 0:01:24]}
13. Nd2 {[%emt 0:00:14]} Rae8 {[%emt 0:07:47]} 14. Raf1 Bc7 {[%emt 0:24:19]}
15. Be3 {[%emt 0:04:39]} Bb6 {[%emt 0:05:53]} 16. b4 Re7 {[%emt 0:10:45]} 17.
d5 cxd5 {[%emt 0:29:45]} 18. Bxd5 Nxd5 19. exd5 e4 20. Bxb6 exf3 21. Bc7 fxg2
22. Kxg2 Re2+ 23. Rf2 Rxf2+ 24. Kxf2 Rc8 25. d6 f5 26. Nb3 Kf7 27. Na5 b5 28.
Nc6 a6 29. Ke3 g5 30. Kd4 Ke6 31. Nd8+ Kf6 32. Kd5 f4 33. Kc6 Ne5+ 34. Kb7 f3
35. Nc6 Nxc6 0-1

[Event "DEM U16 2023"]
[Site "Willingen GER"]
[Date "2023.05.29"]
[Round "3"]
[White "Prieb, Robert"]
[Black "Lübke, Florentin"]
[Result "1/2-1/2"]
[Termination "normal"]
[Board "7"]
[WhiteTitle "CM"]
[WhiteElo "2113"]
[BlackElo "1988"]
[WhiteClock "00:19:41"]
[BlackClock "00:03:55"]
[PlyCount "74"]
[WhiteFideId "16212002"]
[BlackFideId "16281799"]
[EventCountry "GER"]
[EventRounds "9"]
[EventType "swiss"]
[EventDate "2023.05.27"]

1. d4 {[%clk 01:30:56]} {[%emt 00:00:05]} Nf6 {[%clk 01:30:54]} {[%emt
00:00:10]} 2. c4 {[%clk 01:31:14]} {[%emt 00:00:20]} e6 {[%clk 01:31:17]}
{[%emt 00:00:11]} 3. Nf3 {[%clk 01:31:32]} {[%emt 00:00:16]} d5 {[%clk
01:31:29]} {[%emt 00:00:20]} 4. Nc3 {[%clk 01:31:44]} {[%emt 00:00:14]} Bb4
{[%clk 01:31:44]} {[%emt 00:00:10]} 5. Bg5 {[%clk 01:31:56]} {[%emt 00:00:12]}
h6 {[%clk 01:30:13]} {[%emt 00:01:55]} 6. Bxf6 {[%clk 01:32:14]} {[%emt
00:00:11]} Qxf6 {[%clk 01:30:31]} {[%emt 00:00:12]} 7. Qa4+ {[%clk 01:32:06]}
{[%emt 00:00:38]} Nc6 {[%clk 01:30:46]} {[%emt 00:00:15]} 8. e3 {[%clk
01:32:15]} {[%emt 00:00:21]} Bd7 {[%clk 01:27:38]} {[%emt 00:03:39]} 9. Qc2
{[%clk 01:32:17]} {[%emt 00:00:27]} dxc4 {[%clk 01:22:33]} {[%emt 00:05:35]}
10. Bxc4 {[%clk 01:32:24]} {[%emt 00:00:23]} O-O {[%clk 01:07:43]} {[%emt
00:15:20]} 11. O-O {[%clk 01:32:03]} {[%emt 00:00:51]} Bd6 {[%clk 01:06:00]}
{[%emt 00:02:13]} 12. Ne4 {[%clk 01:25:44]} {[%emt 00:06:49]} Qe7 {[%clk
01:03:19]} {[%emt 00:03:11]} 13. a3 {[%clk 01:23:08]} {[%emt 00:03:06]} e5
{[%clk 01:00:24]} {[%emt 00:03:25]} 14. d5 {[%clk 01:19:36]} {[%emt 00:04:01]}
Nd8 {[%clk 00:59:36]} {[%emt 00:01:18]} 15. Rfd1 {[%clk 01:15:55]} {[%emt
00:04:12]} Kh8 {[%clk 00:55:27]} {[%emt 00:04:38]} 16. b4 {[%clk 01:12:18]}
{[%emt 00:04:07]} f5 {[%clk 00:45:38]} {[%emt 00:10:19]} 17. Nxd6 {[%clk
01:11:03]} {[%emt 00:01:46]} cxd6 {[%clk 00:45:44]} {[%emt 00:00:24]} 18. a4
{[%clk 01:06:40]} {[%emt 00:04:52]} Nf7 {[%clk 00:42:16]} {[%emt 00:03:57]} 19.
b5 {[%clk 01:04:46]} {[%emt 00:02:25]} g5 {[%clk 00:37:02]} {[%emt 00:05:44]}
20. Qb2 {[%clk 01:00:13]} {[%emt 00:05:03]} g4 {[%clk 00:35:42]} {[%emt
00:01:51]} 21. Ne1 {[%clk 00:57:35]} {[%emt 00:03:08]} Qh4 {[%clk 00:31:18]}
{[%emt 00:04:53]} 22. Bd3 {[%clk 00:53:56]} {[%emt 00:04:09]} Ng5 {[%clk
00:29:41]} {[%emt 00:02:06]} 23. a5 {[%clk 00:51:38]} {[%emt 00:02:49]} Kg8
{[%clk 00:19:12]} {[%emt 00:10:59]} 24. Qb4 {[%clk 00:48:58]} {[%emt 00:03:10]}
Rf6 {[%clk 00:18:34]} {[%emt 00:01:08]} 25. f4 {[%clk 00:47:06]} {[%emt
00:02:22]} Nh3+ {[%clk 00:13:53]} {[%emt 00:05:11]} 26. gxh3 {[%clk 00:46:31]}
{[%emt 00:01:04]} Rg6 {[%clk 00:13:55]} {[%emt 00:00:28]} 27. Qd2 {[%clk
00:42:03]} {[%emt 00:04:58]} exf4 {[%clk 00:12:10]} {[%emt 00:02:16]} 28. exf4
{[%clk 00:41:23]} {[%emt 00:01:10]} Kf7 {[%clk 00:10:20]} {[%emt 00:02:20]} 29.
hxg4 {[%clk 00:28:14]} {[%emt 00:13:39]} Rxg4+ {[%clk 00:09:14]} {[%emt
00:01:37]} 30. Ng2 {[%clk 00:27:42]} {[%emt 00:01:00]} Rag8 {[%clk 00:07:02]}
{[%emt 00:02:42]} 31. Bf1 {[%clk 00:26:24]} {[%emt 00:01:48]} Qh3 {[%clk
00:06:08]} {[%emt 00:01:24]} 32. Rac1 {[%clk 00:18:36]} {[%emt 00:08:18]} Rh4
{[%clk 00:06:07]} {[%emt 00:00:31]} 33. Rc7 {[%clk 00:18:04]} {[%emt 00:01:02]}
Qxh2+ {[%clk 00:05:59]} {[%emt 00:00:38]} 34. Kf2 {[%clk 00:18:32]} {[%emt
00:00:01]} Qg3+ {[%clk 00:06:02]} {[%emt 00:00:28]} 35. Kg1 {[%clk 00:18:54]}
{[%emt 00:00:07]} Qh2+ {[%clk 00:06:30]} {[%emt 00:00:02]} 36. Kf2 {[%clk
00:19:13]} {[%emt 00:00:11]} Qg3+ {[%clk 00:03:50]} {[%emt 00:03:10]} 37. Kg1
{[%clk 00:19:41]} {[%emt 00:00:02]} Qh2+ {[%clk 00:03:55]} {[%emt 00:00:26]}
1/2-1/2

[Event "DEM U16 2023"]
[Site "Willingen GER"]
[Date "2023.05.29"]
[Round "3"]
[White "Englert, Luca"]
[Black "Zhou, Lepu Coco"]
[Result "1/2-1/2"]
[Termination "normal"]
[Board "8"]
[WhiteElo "2109"]
[BlackElo "2001"]
[WhiteClock "00:06:57"]
[BlackClock "00:08:27"]
[PlyCount "131"]
[WhiteFideId "16293088"]
[BlackFideId "16217136"]
[EventCountry "GER"]
[EventRounds "9"]
[EventType "swiss"]
[EventDate "2023.05.27"]

1. e4 {[%clk 01:30:59]} c5 {[%clk 01:30:53]} {[%emt 00:00:10]} 2. Nf3 {[%clk
01:31:23]} {[%emt 00:00:08]} e6 {[%clk 01:31:19]} {[%emt 00:00:09]} 3. d4
{[%clk 01:31:49]} {[%emt 00:00:07]} cxd4 {[%clk 01:31:45]} {[%emt 00:00:08]} 4.
Nxd4 {[%clk 01:32:16]} {[%emt 00:00:05]} Nf6 {[%clk 01:32:06]} {[%emt
00:00:12]} 5. Nc3 {[%clk 01:32:41]} {[%emt 00:00:06]} Nc6 {[%clk 01:32:25]}
{[%emt 00:00:13]} 6. Ndb5 {[%clk 01:33:06]} {[%emt 00:00:04]} Bb4 {[%clk
01:32:43]} {[%emt 00:00:08]} 7. a3 {[%clk 01:33:33]} {[%emt 00:00:03]} Bxc3+
{[%clk 01:33:06]} {[%emt 00:00:06]} 8. Nxc3 {[%clk 01:33:58]} {[%emt 00:00:03]}
d5 {[%clk 01:33:30]} {[%emt 00:00:04]} 9. exd5 {[%clk 01:34:24]} {[%emt
00:00:04]} exd5 {[%clk 01:33:53]} {[%emt 00:00:04]} 10. Bd3 {[%clk 01:34:49]}
{[%emt 00:00:02]} O-O {[%clk 01:34:07]} {[%emt 00:00:08]} 11. O-O {[%clk
01:35:15]} {[%emt 00:00:04]} Bg4 {[%clk 01:34:02]} {[%emt 00:00:35]} 12. f3
{[%clk 01:35:40]} {[%emt 00:00:05]} Bh5 {[%clk 01:34:24]} {[%emt 00:00:08]} 13.
Bg5 {[%clk 01:35:51]} {[%emt 00:00:19]} Qb6+ {[%clk 01:34:44]} {[%emt
00:00:10]} 14. Kh1 {[%clk 01:36:17]} {[%emt 00:00:05]} Ne4 {[%clk 01:35:05]}
{[%emt 00:00:10]} 15. Nxe4 {[%clk 01:36:42]} {[%emt 00:00:05]} dxe4 {[%clk
01:35:31]} {[%emt 00:00:05]} 16. Bxe4 {[%clk 01:37:06]} {[%emt 00:00:05]} Qxb2
{[%clk 01:35:46]} {[%emt 00:00:15]} 17. Rb1 {[%clk 01:33:51]} {[%emt 00:03:46]}
Qxa3 {[%clk 01:34:50]} {[%emt 00:01:25]} 18. Rxb7 {[%clk 01:34:14]} {[%emt
00:00:07]} Qa6 {[%clk 01:34:50]} {[%emt 00:00:30]} 19. Rb2 {[%clk 01:34:37]}
{[%emt 00:00:08]} Bg6 {[%clk 01:33:39]} {[%emt 00:01:41]} 20. Bd5 {[%clk
01:35:01]} {[%emt 00:00:05]} Rab8 {[%clk 01:31:42]} {[%emt 00:02:27]} 21. Rxb8
{[%clk 01:26:29]} {[%emt 00:09:02]} Rxb8 {[%clk 01:32:03]} {[%emt 00:00:08]}
22. Re1 {[%clk 01:26:49]} {[%emt 00:00:11]} h6 {[%clk 01:30:30]} {[%emt
00:02:03]} 23. Bf4 {[%clk 01:25:12]} {[%emt 00:02:07]} Rc8 {[%clk 01:26:38]}
{[%emt 00:04:23]} 24. c4 {[%clk 01:21:33]} {[%emt 00:04:09]} Nb4 {[%clk
01:24:30]} {[%emt 00:02:37]} 25. Bg3 {[%clk 01:18:33]} {[%emt 00:03:30]} Nxd5
{[%clk 01:18:46]} {[%emt 00:06:15]} 26. cxd5 {[%clk 01:18:55]} {[%emt
00:00:08]} Qd3 {[%clk 01:18:38]} {[%emt 00:00:38]} 27. d6 {[%clk 01:13:23]}
{[%emt 00:06:03]} Qxd1 {[%clk 01:18:40]} {[%emt 00:00:28]} 28. Rxd1 {[%clk
01:13:52]} Rd8 {[%clk 01:18:57]} {[%emt 00:00:13]} 29. Rd5 {[%clk 01:13:16]}
{[%emt 00:01:06]} Rd7 {[%clk 01:18:37]} {[%emt 00:00:49]} 30. Kg1 {[%clk
01:13:33]} {[%emt 00:00:12]} f6 {[%clk 01:17:24]} {[%emt 00:01:43]} 31. Kf2
{[%clk 01:13:49]} {[%emt 00:00:14]} Kf7 {[%clk 01:17:40]} {[%emt 00:00:14]} 32.
Ke3 {[%clk 01:13:45]} {[%emt 00:00:35]} Ke6 {[%clk 01:17:46]} {[%emt 00:00:24]}
33. Kd4 {[%clk 01:13:43]} {[%emt 00:00:32]} Rb7 {[%clk 01:16:48]} {[%emt
00:01:28]} 34. Kc5 {[%clk 01:11:53]} {[%emt 00:02:20]} Kd7 {[%clk 01:12:43]}
{[%emt 00:04:35]} 35. Rd1 {[%clk 01:05:09]} {[%emt 00:07:14]} Rb1 {[%clk
01:05:12]} {[%emt 00:08:01]} 36. Rd4 {[%clk 00:58:35]} {[%emt 00:07:03]} Rc1+
{[%clk 01:00:55]} {[%emt 00:04:48]} 37. Kb5 {[%clk 00:58:00]} {[%emt 00:01:06]}
Rb1+ {[%clk 00:58:07]} {[%emt 00:03:17]} 38. Ka6 {[%clk 00:56:52]} {[%emt
00:01:38]} Ra1+ {[%clk 00:58:06]} {[%emt 00:00:31]} 39. Kb7 {[%clk 00:56:07]}
{[%emt 00:01:15]} Bf7 {[%clk 00:56:11]} {[%emt 00:02:24]} 40. Rd3 {[%clk
00:54:53]} {[%emt 00:01:44]} Ra4 {[%clk 00:47:07]} {[%emt 00:09:34]} 41. Rc3
{[%clk 00:53:50]} {[%emt 00:01:33]} Bc4 {[%clk 00:43:24]} {[%emt 00:04:14]} 42.
h4 {[%clk 00:51:04]} {[%emt 00:03:16]} g6 {[%clk 00:37:06]} {[%emt 00:06:48]}
43. Rc1 {[%clk 00:48:51]} {[%emt 00:02:44]} Rb4+ {[%clk 00:34:25]} {[%emt
00:03:11]} 44. Kxa7 {[%clk 00:48:00]} {[%emt 00:01:20]} Kc8 {[%clk 00:34:49]}
{[%emt 00:00:07]} 45. d7+ {[%clk 00:38:15]} {[%emt 00:10:15]} Kxd7 {[%clk
00:35:14]} {[%emt 00:00:05]} 46. Be1 {[%clk 00:36:49]} {[%emt 00:01:56]} Ra4+
{[%clk 00:35:05]} {[%emt 00:00:38]} 47. Kb6 {[%clk 00:37:11]} {[%emt 00:00:08]}
Bf1 {[%clk 00:28:58]} {[%emt 00:06:37]} 48. g3 {[%clk 00:30:33]} {[%emt
00:07:08]} Be2 {[%clk 00:28:43]} {[%emt 00:00:45]} 49. Rc7+ {[%clk 00:30:01]}
{[%emt 00:01:02]} Kd8 {[%clk 00:27:16]} {[%emt 00:01:57]} 50. Rh7 {[%clk
00:29:08]} {[%emt 00:01:22]} Ra6+ {[%clk 00:26:26]} {[%emt 00:01:20]} 51. Kc5
{[%clk 00:28:34]} {[%emt 00:01:04]} Bxf3 {[%clk 00:26:01]} {[%emt 00:00:56]}
52. Rxh6 {[%clk 00:28:35]} {[%emt 00:00:29]} Be4 {[%clk 00:24:26]} {[%emt
00:02:04]} 53. Rh7 {[%clk 00:26:56]} {[%emt 00:02:10]} g5 {[%clk 00:21:34]}
{[%emt 00:03:22]} 54. Rg7 {[%clk 00:23:53]} {[%emt 00:03:33]} gxh4 {[%clk
00:21:03]} {[%emt 00:01:01]} 55. gxh4 {[%clk 00:24:11]} {[%emt 00:00:12]} f5
{[%clk 00:21:14]} {[%emt 00:00:19]} 56. Kd4 {[%clk 00:22:51]} {[%emt 00:01:50]}
Ke8 {[%clk 00:18:55]} {[%emt 00:02:48]} 57. Ke5 {[%clk 00:22:15]} {[%emt
00:01:06]} Kf8 {[%clk 00:18:45]} {[%emt 00:00:40]} 58. Rc7 {[%clk 00:22:05]}
{[%emt 00:00:39]} Kg8 {[%clk 00:17:03]} {[%emt 00:02:13]} 59. Kf4 {[%clk
00:21:59]} {[%emt 00:00:36]} Rg6 {[%clk 00:17:11]} {[%emt 00:00:22]} 60. h5
{[%clk 00:15:39]} {[%emt 00:06:50]} Rg7 {[%clk 00:16:53]} {[%emt 00:00:49]} 61.
Rc8+ {[%clk 00:14:30]} {[%emt 00:01:38]} Kh7 {[%clk 00:15:09]} {[%emt
00:02:14]} 62. Ke5 {[%clk 00:13:31]} {[%emt 00:01:28]} Rg8 {[%clk 00:12:28]}
{[%emt 00:03:11]} 63. Rc7+ {[%clk 00:11:22]} {[%emt 00:02:39]} Kh6 {[%clk
00:10:05]} {[%emt 00:02:53]} 64. Rc3 {[%clk 00:10:00]} {[%emt 00:01:52]} Kxh5
{[%clk 00:08:03]} {[%emt 00:02:31]} 65. Rh3 {[%clk 00:08:18]} {[%emt 00:02:12]}
Kg6 {[%clk 00:08:27]} {[%emt 00:00:06]} 66. Rg3+ {[%clk 00:06:57]} {[%emt
00:01:51]} 1/2-1/2